000
00213nam a2200085Ia 4500
008
120527s9999 xx 000 0 und d
100
_a
Horngren, et al
245
_a
Introduction to management accounting
942
_c
BK
999
_c
27249
_d
27249